000 01138nam a22002537a 4500
999 _c64763
_d64763
005 20240530110749.0
008 181204s2018 ua abf f b 000 0|ara d
017 _a2017/29102
_bمصر. دار الكتب
020 _a9789778122534
040 _aEG-CaGPL
_cEG-CaGPL
082 0 4 _221
_a722.3 /
_bز ع
100 0 _aزيدان رشيد خان اودل البرادوستى
245 1 2 _aالعمائر الخدمية فى مدينة كويسنجق فى العصر العثمانى :
_bالخانات والقيصريات نموذجا : دراسة اثارية مقارنة /
_cاعداد زيدان رشيد خان اودل البرادوستى
250 _aط.1
260 _aالقاهرة :
_bالمكتب العربى للمعارف،
_c2018.
300 _a468 ص. :
_bايض ؛
_c24 سم.
504 _aيشتمل على ارجاعات ببليوجرافية
650 0 7 _2qrmak
_aالعمارة الاسلامية
_zكويسنجق
650 0 7 _2qrmak
_aالاثار الاسلامية
650 0 7 _2qrmak
_aالفن الاسلامى
651 _2qrmak
942 _2ddc
_cBK